| 000 | 00441nam a2200169Ia 4500 | ||
|---|---|---|---|
| 008 | 221030s9999 xx 000 0 und d | ||
| 020 | _a8178081113 | ||
| 041 | _aEnglish | ||
| 082 |
_a105.23 _bKnu |
||
| 100 | _aD. E. Knuth | ||
| 245 | 4 |
_aThe Art of Computer Programming - Vol 1 Fundamental Algorithms _cby D. E. Knuth |
|
| 250 | _a3rd | ||
| 260 |
_bPearson Education _aDelhi _c2005 |
||
| 300 | _a1056 | ||
| 650 | _aComputers | ||
| 942 | _cBK | ||
| 999 |
_c2712 _d2712 |
||